| 000 | 00660 a2200217 4500 | ||
|---|---|---|---|
| 001 | 66300 | ||
| 999 |
_c66300 _d17681 |
||
| 003 | TR-AnTOB | ||
| 005 | 20230606083716.0 | ||
| 008 | 980930s1974 tu tur | ||
| 041 | _atur | ||
| 050 |
_aJX6351 _bR49 1974 |
||
| 090 | _aJX 6351 R49 1974 | ||
| 100 |
_aRezaki, Sait _938916 |
||
| 245 | 0 |
_aİkili ve Çok Taraflı Uluslararası Özel Hukuk Sözleşmeleri ve İlgili Mevzuat ; Açıklamalı-Uygulamalı / _cSait Rezaki ; Salim Özdemir. |
|
| 264 | 1 |
_aAnkara : _bSevinç Matbaası, _c1974 |
|
| 300 |
_a507 s. ; _c24 sm. |
||
| 650 | 7 |
_aÜçüncü kişiler (Uluslararası hukuk) _2etuturkob _938917 |
|
| 901 | _a0022372 | ||
| 902 | _amç | ||
| 942 | _cBK | ||